|
|
|
|
| LEADER |
01699nam a22003137a 4500 |
| 001 |
36454 |
| 003 |
BD-DhAAL |
| 005 |
20211123111702.0 |
| 008 |
191029t2014 enka|||| b||| 001 | eng d |
| 999 |
|
|
|c 41616
|d 41616
|
| 020 |
|
|
|a 9781444180329 (paperback)
|
| 020 |
|
|
|a 9781444180343 (ebook)
|
| 040 |
|
|
|a BD-DhAAL
|
| 082 |
|
|
|a 410
|2 23
|
| 100 |
|
|
|a Hornsby, David
|d 1963- author.
|9 36569
|
| 245 |
|
|
|a Linguistics :
|b a complete introduction / David Hornsby.
|c David Hornsby
|
| 260 |
|
|
|a London :
|b Teach Yourself,
|c 2014
|
| 300 |
|
|
|a x, 309 pages :
|b illustrations, map, graph ;
|c 20 cm.
|
| 504 |
|
|
|a Includes bibliographical references and index.
|
| 526 |
|
|
|a ENH
|
| 541 |
|
|
|a Karim International
|e 36454, 36455, 36456, 36457
|
| 650 |
|
|
|a Linguistics
|9 36570
|
| 650 |
|
|
|a English language.
|9 43005
|
| 852 |
|
|
|a Ayesha Abed Library
|c General Stacks
|
| 942 |
|
|
|2 ddc
|c BK
|
| 952 |
|
|
|0 0
|1 0
|2 ddc
|4 0
|6 410_000000000000000_HOR
|7 0
|9 66814
|a BRACUL
|b BRACUL
|c GEN
|d 2019-10-17
|e Karim International
|g 1350.00
|l 3
|m 21
|o 410 HOR
|p 3010036454
|q 2026-06-02
|r 2025-11-10
|s 2025-11-10
|t 1
|v 1350.00
|w 2019-10-17
|y BK
|
| 952 |
|
|
|0 0
|1 0
|2 ddc
|4 0
|6 410_000000000000000_HOR
|7 0
|9 66815
|a BRACUL
|b BRACUL
|c GEN
|d 2019-10-17
|e Karim International
|g 1350.00
|l 3
|m 9
|o 410 HOR
|p 3010036455
|r 2026-02-17
|s 2026-02-03
|t 2
|v 1350.00
|w 2019-10-17
|y BK
|
| 952 |
|
|
|0 0
|1 0
|2 ddc
|4 0
|6 410_000000000000000_HOR
|7 0
|9 66816
|a BRACUL
|b BRACUL
|c GEN
|d 2019-10-17
|e Karim International
|g 1350.00
|l 1
|m 10
|o 410 HOR
|p 3010036456
|r 2024-03-25
|s 2024-01-03
|t 3
|v 1350.00
|w 2019-10-17
|y BK
|
| 952 |
|
|
|0 0
|1 0
|2 ddc
|4 0
|6 410_000000000000000_HOR
|7 0
|9 66817
|a BRACUL
|b BRACUL
|c GEN
|d 2019-10-17
|e Karim International
|g 1350.00
|l 2
|m 57
|o 410 HOR
|p 3010036457
|r 2024-05-29
|s 2024-01-21
|t 4
|v 1350.00
|w 2019-10-17
|y BK
|